| 000 | 01156cam a2200277 i 4500 | ||
|---|---|---|---|
| 003 | SA-RiAUC | ||
| 005 | 20241123163432.0 | ||
| 008 | 241123s1998 ua g f000 0 ara c | ||
| 020 | _z6529801977 | ||
| 040 |
_aSA-JeALM _bara _cSA-RiAUC _erda |
||
| 043 | _af-ua--- | ||
| 082 | 0 | 4 | _a953.0962 |
| 090 |
_a953.0962 _bع ي س |
||
| 100 | 1 |
_aعيسى، عبد الرازق ابراهيم، _d1968- _eمؤلف. |
|
| 245 | 1 | 0 |
_aتاريخ القضاء في مصر العثمانية 1517-1798 / _cعبد الرازق إبراهيم عيسى. |
| 264 | 1 |
_aالقاهرة : _bالهيئة المصرية العامة للكتاب، _c1998 |
|
| 300 |
_a387 صفحة ؛ _c20 سم. |
||
| 336 |
_aنص _btxt _2rdacontent _3كتاب |
||
| 337 |
_aبدون وسيط _bn _2rdamedia |
||
| 338 |
_aمجلد _bnc _2rdacarrier |
||
| 490 | 0 |
_aتاريخ المصريين / إشراف عبد العظيم رمضان ؛ _v117 |
|
| 650 | 7 |
_aالقضاء _zمصر _xتاريخ _yالحكم العثماني، 1517-1882 _2aucsh |
|
| 651 | 7 |
_aمصر _xتاريخ _yالحكم العثماني، 1517-1882 _2aucsh |
|
| 942 |
_2ddc _cBOOK _n0 |
||
| 949 |
_aSA-JeALM _d241123 _umohamedma123 _n1 |
||
| 999 |
_c2656 _d2656 |
||